| 000 | 00437nam a22001457a 4500 | ||
|---|---|---|---|
| 020 | _a0335206204 | ||
| 040 | _cNUST | ||
| 082 |
_a658.3 _bSIS |
||
| 100 |
_aKeith Sisson _9125294 |
||
| 110 |
_aJohn Storey _9125295 |
||
| 245 |
_aThe Realities of Human Resource Management _bManaging the Employment Relationship |
||
| 260 |
_aUSA: _bLibrary of Congress, _c2000. |
||
| 650 | _2The Realities of Human Resource Management | ||
| 942 |
_2ddc _cBK |
||
| 999 |
_c611057 _d611057 |
||